[Event "Women's Speed Chess Q5"]
[Site "chess.com INT"]
[Date "2020.06.22"]
[Round "8"]
[White "Tsukerman, Julia"]
[Black "Mendoza, Shania Mae"]
[Result "0-1"]
[WhiteTitle "WCM"]
[BlackTitle "WFM"]
[WhiteElo "1523"]
[BlackElo "2158"]
[WhiteFideId "2621649"]
[BlackFideId "5211158"]
[EventDate "2020.06.22"]

1. e4 c6 2. d4 d5 3. exd5 cxd5 4. Bd3 Nc6 5. c3 Nf6 6. h3 g6 7. Bf4 Bg7 8. Nf3
O-O 9. O-O Re8 10. Re1 b6 11. Ne5 Bb7 12. Nd2 Nd7 13. Ndf3 f6 14. Nxc6 Bxc6 15.
Qe2 e5 16. dxe5 fxe5 17. Bg5 Qc7 18. Bc2 e4 19. Nd4 Ne5 20. Nxc6 Qxc6 21. Rad1
h6 22. Be3 Kh7 23. Bb3 Nd3 24. Rf1 a5 25. Rb1 a4 26. Bc2 Ne5 27. Bd4 Rf8 28. b3
Rae8 29. bxa4 Qd7 30. Rxb6 Nf3+ 31. gxf3 exf3 32. Qd3 Re4 33. Rxg6 Kxg6 34. Qa6+
Kh7 35. Bxe4+ dxe4 36. Bxg7 Qxh3 0-1

[Event "Women's Speed Chess Q5"]
[Site "chess.com INT"]
[Date "2020.06.22"]
[Round "8"]
[White "Zakirova, Aisha"]
[Black "Huda, Maryana"]
[Result "0-1"]
[WhiteTitle "WCM"]
[BlackTitle "WGM"]
[WhiteElo "1585"]
[BlackElo "2128"]
[WhiteFideId "13719734"]
[BlackFideId "14116553"]
[EventDate "2020.06.22"]

1. d4 d5 2. c4 c6 3. Nf3 Nf6 4. Nc3 e6 5. e3 Nbd7 6. Qc2 Bd6 7. Bd3 dxc4 8. Bxc4
b5 9. Bd3 Bb7 10. O-O O-O 11. a3 a6 12. b4 a5 13. Rb1 axb4 14. axb4 Qe7 15. Qb3
e5 16. e4 exd4 17. Nxd4 Bxh2+ 18. Kxh2 Qe5+ 19. Kg1 Qxd4 20. Be3 Qxd3 21. Rfd1
Qc4 22. Qxc4 bxc4 23. b5 Ra3 24. e5 Rxc3 25. exf6 Nxf6 26. Bc5 Re8 27. bxc6 Bxc6
28. Rb6 Ba4 29. Ra1 Bb3 30. Bd4 Rd3 31. Bxf6 gxf6 32. Rxf6 Rd1+ 33. Rxd1 Bxd1
34. Rf4 Rc8 35. Rxc4 Rxc4 0-1

[Event "Women's Speed Chess Q5"]
[Site "chess.com INT"]
[Date "2020.06.22"]
[Round "8"]
[White "Nguyen, Thi Mai Hung"]
[Black "Afraoui, Anaelle"]
[Result "1-0"]
[WhiteTitle "WGM"]
[BlackTitle "WFM"]
[WhiteElo "2258"]
[BlackElo "2120"]
[WhiteFideId "12401676"]
[BlackFideId "20654383"]
[EventDate "2020.06.22"]

1. Nf3 Nf6 2. g3 g6 3. Bg2 Bg7 4. O-O O-O 5. d4 d6 6. a4 a5 7. Re1 Nc6 8. e4 e5
9. c3 exd4 10. cxd4 Re8 11. Nc3 Bg4 12. h3 Bd7 13. Bf4 Nb4 14. Qd2 Bc6 15. d5
Bd7 16. Nd4 Na6 17. Bh6 Nc5 18. Bxg7 Kxg7 19. f4 Re7 20. e5 dxe5 21. fxe5 Nh5
22. g4 Ng3 23. Kh2 h5 24. Kxg3 hxg4 25. hxg4 Qe8 26. Qe3 b6 27. Re2 Rd8 28. Qf4 1-0

[Event "Women's Speed Chess Q5"]
[Site "chess.com INT"]
[Date "2020.06.22"]
[Round "8"]
[White "Injac, Teodora"]
[Black "Peycheva, Gergana"]
[Result "1-0"]
[WhiteTitle "WIM"]
[BlackTitle "FM"]
[WhiteElo "2286"]
[BlackElo "2255"]
[WhiteFideId "932400"]
[BlackFideId "2916711"]
[EventDate "2020.06.22"]

1. d4 Nf6 2. Nf3 e6 3. e3 d5 4. Bd3 c5 5. b3 Nc6 6. O-O b6 7. Bb2 Bb7 8. c4 Be7
9. cxd5 exd5 10. Nbd2 O-O 11. Ne5 Rc8 12. a3 Re8 13. f4 a6 14. Qf3 b5 15. Qh3
Qb6 16. Nd7 Qa7 17. dxc5 d4 18. Nxf6+ Bxf6 19. Ne4 Rxe4 20. Bxe4 Qxc5 21. Rac1
Qf8 22. Qxh7# 1-0

[Event "Women's Speed Chess Q5"]
[Site "chess.com INT"]
[Date "2020.06.22"]
[Round "8"]
[White "Starosta, Martyna"]
[Black "Kanyamarala, Trisha"]
[Result "1-0"]
[WhiteTitle "WCM"]
[BlackTitle "WIM"]
[WhiteElo "2079"]
[BlackElo "2193"]
[WhiteFideId "21818754"]
[BlackFideId "45004722"]
[EventDate "2020.06.22"]

1. e4 c5 2. Nf3 d6 3. d4 cxd4 4. Nxd4 Nf6 5. Nc3 Nc6 6. Bc4 e6 7. O-O a6 8. Be3
Qc7 9. Bd3 Be7 10. f4 O-O 11. Qe1 Bd7 12. Qg3 Nh5 13. Qh3 g6 14. Nxc6 bxc6 15.
f5 exf5 16. exf5 Ng7 17. Bd4 f6 18. Qh4 g5 19. Qh3 d5 20. Rf3 h5 21. g4 h4 22.
Bf2 c5 23. Nxd5 Qd6 24. Bc4 1-0

[Event "Women's Speed Chess Q5"]
[Site "chess.com INT"]
[Date "2020.06.22"]
[Round "8"]
[White "Sapale, Saloni"]
[Black "Pham, Bich Ngoc"]
[Result "0-1"]
[WhiteTitle "WIM"]
[BlackTitle "WIM"]
[WhiteElo "2147"]
[BlackElo "2235"]
[WhiteFideId "5085527"]
[BlackFideId "12401285"]
[EventDate "2020.06.22"]

1. e4 g6 2. Nf3 Bg7 3. d4 d6 4. Nc3 Nc6 5. Be3 e5 6. Bb5 exd4 7. Nxd4 Bd7 8.
Nxc6 bxc6 9. Bc4 Nf6 10. f3 O-O 11. Qd2 a5 12. O-O Be6 13. Bb3 Qe7 14. Rad1 Rfb8
15. h3 Nh5 16. f4 Ng3 17. Rf3 Bxc3 18. Qxc3 Nxe4 19. Qxc6 Bxb3 20. axb3 f5 21.
Qc4+ Qf7 22. Rd5 Rb4 23. Qc6 Rbb8 24. Rb5 Nf6 25. Bd4 Qd7 26. Rxb8+ Rxb8 27. Rc3
Qxc6 28. Rxc6 Nd5 29. c4 Nxf4 30. Rxc7 Ne2+ 31. Kf2 Nxd4 32. Rd7 Rb6 33. Rxd6
Rxd6 0-1

[Event "Women's Speed Chess Q5"]
[Site "chess.com INT"]
[Date "2020.06.22"]
[Round "8"]
[White "Muminova, Nafisa"]
[Black "Cyfka, Karina"]
[Result "1-0"]
[WhiteTitle "WGM"]
[BlackTitle "IM"]
[WhiteElo "2274"]
[BlackElo "2411"]
[WhiteFideId "14201526"]
[BlackFideId "1122681"]
[EventDate "2020.06.22"]

1. d4 Nf6 2. Nc3 d5 3. Bf4 Bf5 4. f3 e6 5. g4 Bg6 6. h4 h5 7. g5 Nfd7 8. e3 a6
9. Bd3 Bxd3 10. Qxd3 g6 11. O-O-O c5 12. e4 c4 13. Qe2 Bb4 14. exd5 Bxc3 15.
bxc3 Nb6 16. dxe6 O-O 17. e7 Qe8 18. exf8=Q+ Qxf8 19. Qe5 Qa3+ 20. Kd2 N8d7 21.
Qd6 Qxa2 22. Ne2 Re8 23. Be5 Re6 24. Ra1 Qb2 25. Rhb1 Rxd6 26. Rxb2 Nxe5 27.
Rxb6 Nxf3+ 28. Ke3 Rxb6 29. Kxf3 Rb2 30. d5 Kf8 31. Nd4 Ke7 32. Ke4 Kd6 33. Rf1
a5 34. Rxf7 a4 35. Rf6+ Kc5 36. d6 Rb1 37. d7 Re1+ 38. Kf3 Rf1+ 39. Ke2 1-0

[Event "Women's Speed Chess Q5"]
[Site "chess.com INT"]
[Date "2020.06.22"]
[Round "8"]
[White "Khomeriki, Nino"]
[Black "Zimina, Olga"]
[Result "1-0"]
[WhiteTitle "WGM"]
[BlackTitle "IM"]
[WhiteElo "2319"]
[BlackElo "2378"]
[WhiteFideId "13603191"]
[BlackFideId "4132190"]
[EventDate "2020.06.22"]

1. d4 d5 2. Nf3 Nf6 3. e3 c5 4. Bd3 Nc6 5. O-O e6 6. b3 cxd4 7. exd4 Bd6 8. Bb2
O-O 9. Re1 Bd7 10. Nbd2 Nb4 11. Bf1 Rc8 12. c3 Nc6 13. Bd3 Qa5 14. Ne5 Rfd8 15.
Qf3 Be8 16. Qh3 h6 17. Ndf3 Ba3 18. Bxa3 Qxa3 19. Ng4 Nxg4 20. Qxg4 Ne7 21. c4
dxc4 22. Bxc4 Nd5 23. Bxd5 Rxd5 24. h3 Rc2 25. Qf4 Qd6 26. Qe4 Qc7 27. a4 Qc3
28. Rab1 Bc6 29. Re3 Qb4 30. Qxc2 1-0

[Event "Women's Speed Chess Q5"]
[Site "chess.com INT"]
[Date "2020.06.22"]
[Round "8"]
[White "Kovanova, Baira"]
[Black "Rakhmangulova, Anastasiya"]
[Result "0-1"]
[WhiteTitle "WGM"]
[BlackTitle "WIM"]
[WhiteElo "2343"]
[BlackElo "2191"]
[WhiteFideId "4164083"]
[BlackFideId "14117479"]
[EventDate "2020.06.22"]

1. e4 d5 2. exd5 Qxd5 3. Nc3 Qd6 4. Nf3 Nf6 5. g3 Bg4 6. Bg2 Nc6 7. h3 Bh5 8.
O-O a6 9. d3 O-O-O 10. Bf4 e5 11. Bg5 h6 12. Be3 Be7 13. Qe1 Rhe8 14. Ne4 Nxe4
15. dxe4 Qb4 16. c3 Qxb2 17. Nd2 Na5 18. f4 Rd3 19. fxe5 Qxc3 20. Nb3 Nxb3 21.
axb3 Rxe3 22. Qf2 Rxg3 23. Qf5+ Kb8 24. Qxh5 Qb2 25. Rf2 Qxa1+ 26. Kh2 g6 27.
Qe2 Qxe5 0-1

[Event "Women's Speed Chess Q5"]
[Site "chess.com INT"]
[Date "2020.06.22"]
[Round "8"]
[White "Zavivaeva, Evelina"]
[Black "Smietanska, Wiktoria"]
[Result "0-1"]
[WhiteTitle "WCM"]
[BlackTitle "CM"]
[WhiteElo "1619"]
[BlackElo "1593"]
[WhiteFideId "44127839"]
[BlackFideId "21869359"]
[EventDate "2020.06.22"]

1. e4 c5 2. c3 Nf6 3. e5 Nd5 4. d4 cxd4 5. Nf3 Nc6 6. cxd4 d6 7. exd6 e6 8. Be2
Bxd6 9. O-O O-O 10. Nc3 Nf4 11. Bxf4 Bxf4 12. d5 exd5 13. Qxd5 Qf6 14. Bb5 Qh6
15. Bxc6 bxc6 16. Qd3 Bg4 17. g3 Bc7 18. Qe4 Qh5 19. Nd4 c5 20. Nb3 Bf3 21. Qh4
Qxh4 22. gxh4 Rad8 23. Rae1 Rd6 24. Re3 Rg6# 0-1

[Event "Women's Speed Chess Q5"]
[Site "chess.com INT"]
[Date "2020.06.22"]
[Round "8"]
[White "Swati, Mohota"]
[Black "Nurmanova, Alua"]
[Result "0-1"]
[WhiteTitle "WFM"]
[BlackTitle "WFM"]
[WhiteElo "2027"]
[BlackElo "2026"]
[WhiteFideId "5006511"]
[BlackFideId "13729390"]
[EventDate "2020.06.22"]

1. d4 Nf6 2. c4 g6 3. f3 Bg7 4. Nc3 O-O 5. e4 d6 6. Be3 e5 7. d5 c5 8. Bd3 Nh5
9. Nge2 f5 10. Qd2 a6 11. g3 f4 12. gxf4 exf4 13. Bf2 Nd7 14. O-O-O Ne5 15. Kb1
Nxf3 16. Qc2 Rb8 17. Rdf1 Ne5 18. Nc1 Bd7 19. Be1 b5 20. cxb5 axb5 21. Nd1 c4
22. Be2 f3 23. Bc3 fxe2 24. Nxe2 Nd3 25. Bxg7 Nxg7 26. Nd4 Qb6 27. Nf3 Rbe8 28.
Ng5 h6 29. Rxf8+ Rxf8 30. Ne6 Nxe6 31. dxe6 Bxe6 32. Re1 Nxe1 0-1

[Event "Women's Speed Chess Q5"]
[Site "chess.com INT"]
[Date "2020.06.22"]
[Round "8"]
[White "Berend, Elvira"]
[Black "Bartel, Marta"]
[Result "1-0"]
[WhiteTitle "WGM"]
[BlackTitle "WGM"]
[WhiteElo "2326"]
[BlackElo "2192"]
[WhiteFideId "4000510"]
[BlackFideId "1123009"]
[EventDate "2020.06.22"]

1. d4 d5 2. Nf3 Nf6 3. c4 e6 4. g3 a6 5. b3 Be7 6. Bg2 O-O 7. O-O Nbd7 8. Bb2
dxc4 9. bxc4 c5 10. e3 Rb8 11. Qe2 Qc7 12. Nbd2 b5 13. Rac1 b4 14. e4 cxd4 15.
e5 Ng4 16. Bxd4 Bb7 17. h3 Nh6 18. g4 Bc5 19. Ba1 Kh8 20. Ne4 Ng8 21. Rcd1 Rbd8
22. Nd6 Bc6 23. Ng5 Nh6 24. Qd3 g6 25. Bxc6 Qxc6 26. Qd2 Nb6 27. Nxe6 fxe6 28.
Qxh6 Qf3 29. Bd4 Bxd4 30. Rxd4 Nd7 31. Nb7 Nxe5 32. Rxd8 Rxd8 33. Nxd8 Nd3 34.
Qe3 1-0

[Event "Women's Speed Chess Q5"]
[Site "chess.com INT"]
[Date "2020.06.22"]
[Round "8"]
[White "Sebag, Marie"]
[Black "Osmak, Iulija"]
[Result "0-1"]
[WhiteTitle "GM"]
[BlackTitle "IM"]
[WhiteElo "2438"]
[BlackElo "2438"]
[WhiteFideId "617822"]
[BlackFideId "14101602"]
[EventDate "2020.06.22"]

1. e4 Nc6 2. Nf3 d6 3. d4 Bg4 4. d5 Ne5 5. Nxe5 Bxd1 6. Bb5+ c6 7. dxc6 Qa5+ 8.
Nc3 O-O-O 9. cxb7+ Kxb7 10. Nc6 Qc7 11. Nd5 Qc8 12. Ndb4 Ka8 13. Ba6 Qc7 14.
Nxd8 Qxd8 15. Kxd1 e6 16. Nd3 Nf6 17. f3 d5 18. e5 Nd7 19. Be3 Qa5 20. Bc8 Nb6
21. b4 Bxb4 22. Nxb4 Qxb4 23. Ba6 Nc4 24. Bxc4 Qxc4 25. Kd2 d4 26. Bf2 Qc3+ 27.
Ke2 Qxc2+ 28. Ke1 Qc3+ 29. Ke2 d3+ 30. Ke3 d2+ 31. Ke2 Rd8 32. Be3 Qd3+ 33. Kf2
d1=Q 34. Rhxd1 Qxd1 35. Rxd1 Rxd1 0-1

[Event "Women's Speed Chess Q5"]
[Site "chess.com INT"]
[Date "2020.06.22"]
[Round "8"]
[White "Sedina, Elena"]
[Black "Millard, Charlotte"]
[Result "1-0"]
[WhiteTitle "IM"]
[BlackTitle "WCM"]
[WhiteElo "2299"]
[BlackElo "1252"]
[WhiteFideId "812153"]
[BlackFideId "14320363"]
[EventDate "2020.06.22"]

1. e4 e5 2. Nf3 Nc6 3. Bc4 Bc5 4. O-O Nf6 5. d3 h6 6. Re1 O-O 7. h3 d6 8. c3 Kh8
9. Bb3 Nh7 10. d4 exd4 11. cxd4 Bb4 12. Nc3 f5 13. e5 f4 14. e6 Ng5 15. Nh4 Qf6
16. Qd3 Re8 17. Ng6+ Kh7 18. Nxf4+ Kh8 19. Ng6+ Kh7 20. Nf4+ Kh8 21. Ncd5 Qd8
22. Ng6+ Kg8 23. e7 Nxe7 24. Nf6# 1-0

[Event "Women's Speed Chess Q5"]
[Site "chess.com INT"]
[Date "2020.06.22"]
[Round "8"]
[White "Smirnova, Ekaterina"]
[Black "Dauletova, Gulmira"]
[Result "1-0"]
[WhiteTitle "WIM"]
[BlackTitle "WIM"]
[WhiteElo "2278"]
[BlackElo "2319"]
[WhiteFideId "4110943"]
[BlackFideId "13702971"]
[EventDate "2020.06.22"]

1. d4 Nf6 2. c4 e6 3. Nf3 d5 4. Nc3 Bb4 5. Bg5 Nbd7 6. e3 h6 7. Bh4 g5 8. Bg3
Ne4 9. Rc1 h5 10. h3 Nxg3 11. fxg3 Nf6 12. Qa4+ c6 13. Qxb4 g4 14. Ne5 Ne4 15.
Nxe4 dxe4 16. hxg4 Qg5 17. Qd2 f6 18. Nf3 exf3 19. gxf3 Bd7 20. Kf2 O-O-O 21.
Rxh5 Rxh5 22. gxh5 Qxh5 23. Bg2 Rg8 24. e4 e5 25. dxe5 fxe5 26. Rd1 Be6 27. Qd6
Qg6 28. Qxe5 Bxc4 29. Bh3+ 1-0

[Event "Women's Speed Chess Q5"]
[Site "chess.com INT"]
[Date "2020.06.22"]
[Round "8"]
[White "Gokbulut, Julia"]
[Black "Charochkina, Daria"]
[Result "0-1"]
[WhiteTitle "WFM"]
[BlackTitle "IM"]
[WhiteElo "1970"]
[BlackElo "2356"]
[WhiteFideId "4153979"]
[BlackFideId "4180917"]
[EventDate "2020.06.22"]

1. d4 f5 2. Bg5 h6 3. Bh4 g5 4. Bg3 Nf6 5. e3 d6 6. h4 Rg8 7. hxg5 hxg5 8. Bc4
e6 9. Nc3 Qe7 10. Nf3 Nc6 11. d5 Nd8 12. dxe6 Nxe6 13. Bxe6 Bxe6 14. Nd4 Bd7 15.
Qe2 O-O-O 16. O-O-O Bg7 17. Qd3 Ne4 18. Nd5 Qf8 19. Qc4 c6 20. Nc3 Nxg3 21. fxg3
Kb8 22. e4 fxe4 23. Rdf1 Qe8 24. Nf5 Bxf5 25. Rxf5 d5 26. Qc5 Qe6 27. Rhf1 Be5
28. g4 Bf4+ 29. R5xf4 gxf4 30. Rxf4 Rxg4 31. Rf2 e3 32. Re2 d4 33. Nd1 Rf4 34.
g3 Rf1 35. Qg5 Rdf8 36. g4 Qxa2 37. Qe5+ Ka8 0-1

[Event "Women's Speed Chess Q5"]
[Site "chess.com INT"]
[Date "2020.06.22"]
[Round "8"]
[White "Vargas, Gabriela"]
[Black "Yakimova, Mariya"]
[Result "0-1"]
[WhiteTitle "WIM"]
[BlackTitle "WFM"]
[WhiteElo "2170"]
[BlackElo "2269"]
[WhiteFideId "3700860"]
[BlackFideId "34188859"]
[EventDate "2020.06.22"]

1. d4 Nf6 2. Nf3 g6 3. Bg5 Bg7 4. c3 O-O 5. Nbd2 d5 6. e3 c5 7. Bd3 Nc6 8. O-O
b6 9. a4 h6 10. Bh4 e6 11. Ne5 Bb7 12. f4 Qc7 13. Qf3 Nd7 14. Rae1 Rae8 15. Qg3
Ncxe5 16. fxe5 Qc8 17. Bf6 Ba6 18. Bxg6 fxg6 19. Qxg6 Rf7 20. Rf4 Nf8 21. Qg4
Bd3 22. Nf3 Ng6 23. Nh4 Nxf4 24. exf4 cxd4 25. cxd4 Qc2 26. h3 Qd2 27. Rd1 Qe2
28. Qxe2 Bxe2 0-1

[Event "Women's Speed Chess Q5"]
[Site "chess.com INT"]
[Date "2020.06.22"]
[Round "8"]
[White "Narva, Regina"]
[Black "Tarini, Goyal"]
[Result "0-1"]
[WhiteTitle "WFM"]
[BlackTitle "WFM"]
[WhiteElo "1905"]
[BlackElo "2164"]
[WhiteFideId "4500237"]
[BlackFideId "5082749"]
[EventDate "2020.06.22"]

1. e4 c6 2. d4 d5 3. f3 e6 4. e5 c5 5. c3 Nc6 6. f4 Nge7 7. Nf3 cxd4 8. cxd4 Nf5
9. Bd3 Nfxd4 10. O-O Be7 11. Nxd4 Nxd4 12. Qa4+ Nc6 13. f5 exf5 14. Bxf5 Bxf5
15. Rxf5 O-O 16. Nc3 Qb6+ 17. Kh1 Rad8 18. Qg4 Qd4 19. Qxd4 Nxd4 20. Rf1 Nc6 21.
Bf4 d4 22. Ne4 h6 23. Nd6 Bxd6 24. exd6 g5 25. Bg3 f5 26. h4 f4 27. Bh2 Rxd6 28.
hxg5 hxg5 29. g3 f3 30. g4 Rd7 31. Rf2 d3 32. Raf1 d2 33. Rd1 Nb4 34. Kg1 Nc2
35. Rfxd2 f2+ 36. Kg2 Ne3+ 37. Kh3 Rxd2 38. Rxd2 f1=Q+ 39. Kg3 Rf3# 0-1

[Event "Women's Speed Chess Q5"]
[Site "chess.com INT"]
[Date "2020.06.22"]
[Round "8"]
[White "Goh, Jie Yi"]
[Black "Koridze, Lile"]
[Result "1-0"]
[WhiteTitle "WCM"]
[BlackTitle "WFM"]
[WhiteElo "1743"]
[BlackElo "1996"]
[WhiteFideId "5710049"]
[BlackFideId "13612514"]
[EventDate "2020.06.22"]

1. d4 Nf6 2. Bf4 d5 3. e3 Bg4 4. Nf3 e6 5. Nbd2 c5 6. c3 Nc6 7. h3 Bh5 8. Be2
Be7 9. O-O O-O 10. Ne5 Bxe2 11. Qxe2 Qb6 12. Ndf3 Rac8 13. Bg5 Rfd8 14. Rfd1 h6
15. Nxc6 Qxc6 16. Bf4 Ne4 17. Nd2 Nxd2 18. Rxd2 c4 19. Qg4 Kh7 20. Qh5 Qe8 21.
Re1 f5 22. Qxe8 Rxe8 23. f3 b5 24. e4 b4 25. exd5 exd5 26. Rde2 bxc3 27. bxc3
Bd6 28. Bxd6 Red8 29. Bf4 Rc6 30. Re7 Rf8 31. Rxa7 Rb6 32. Ree7 Rg8 33. Be5 Rg6
34. Rxg7+ R8xg7 35. Rxg7+ Rxg7 36. Bxg7 Kxg7 37. a4 1-0

[Event "Women's Speed Chess Q5"]
[Site "chess.com INT"]
[Date "2020.06.22"]
[Round "8"]
[White "Golubeva, Oksana"]
[Black "Zhukova, Natalia"]
[Result "1-0"]
[WhiteTitle "WFM"]
[BlackTitle "GM"]
[WhiteElo "2179"]
[BlackElo "2328"]
[WhiteFideId "4170164"]
[BlackFideId "14101513"]
[EventDate "2020.06.22"]

1. Nf3 d5 2. e3 Nf6 3. c4 e6 4. Nc3 c5 5. cxd5 exd5 6. d4 Nc6 7. Be2 Bd6 8. b3
O-O 9. Bb2 a6 10. Rc1 cxd4 11. Nxd4 Re8 12. Bf3 Nxd4 13. Qxd4 Be5 14. Qd2 d4 15.
Ne2 Bg4 16. Bxd4 Bxf3 17. gxf3 Qd5 18. e4 Qe6 19. Bxe5 Qxe5 20. Qf4 Qb2 21. Qd2
Qe5 22. Qf4 Qb5 23. Rg1 Kh8 24. Qg5 Qxg5 25. Rxg5 Rac8 26. Rgc5 Rxc5 27. Rxc5
Re7 28. Rc8+ Ne8 29. Nd4 g6 30. Kd2 Kg7 31. Kd3 Nd6 32. Rd8 Ne8 33. f4 Nf6 34.
f3 Ng4 35. fxg4 1-0

[Event "Women's Speed Chess Q5"]
[Site "chess.com INT"]
[Date "2020.06.22"]
[Round "8"]
[White "Maltsevskaya, Aleksandra"]
[Black "Linares Napoles, Oleiny"]
[Result "1-0"]
[WhiteTitle "WGM"]
[BlackTitle "WGM"]
[WhiteElo "2272"]
[BlackElo "2215"]
[WhiteFideId "24174041"]
[BlackFideId "3504794"]
[EventDate "2020.06.22"]

1. e4 d6 2. d4 Nf6 3. Bd3 e5 4. Nf3 exd4 5. Nxd4 g6 6. O-O Bg7 7. Nc3 O-O 8. h3
Nc6 9. Nxc6 bxc6 10. f4 Nd7 11. f5 Ne5 12. Bf4 Rb8 13. Rb1 a5 14. Qd2 Re8 15.
Bh6 Bh8 16. Rf2 Rb4 17. Rbf1 Rxb2 18. fxg6 hxg6 19. Bg5 Qd7 20. Rf4 Qe6 21. Rh4
Bg7 22. Bh6 Bf6 23. Bg5 Bg7 24. Ne2 Nxd3 25. Qxd3 Qe5 26. Bf4 Qc5+ 27. Rf2 Qxc2
28. Qg3 Be6 29. Bh6 Be5 30. Bf4 Bg7 31. Bh6 Qd1+ 32. Kh2 Be5 33. Bf4 Bg7 34. Bh6
Rxe2 35. Bxg7 Kxg7 36. Qc3+ Kf8 37. Qf6 Rxf2 38. Rh8# 1-0

[Event "Women's Speed Chess Q5"]
[Site "chess.com INT"]
[Date "2020.06.22"]
[Round "8"]
[White "Mikheeva, Galina"]
[Black "De Seroux, Camille"]
[Result "0-1"]
[WhiteTitle "WFM"]
[BlackTitle "WIM"]
[WhiteElo "1901"]
[BlackElo "2137"]
[WhiteFideId "44108320"]
[BlackFideId "1305620"]
[EventDate "2020.06.22"]

1. e4 c5 2. Nc3 Nc6 3. g3 g6 4. d3 Bg7 5. Bg2 e6 6. Be3 d6 7. Qd2 Rb8 8. Nge2 b5
9. O-O b4 10. Nd1 Nge7 11. Bh6 O-O 12. Bxg7 Kxg7 13. d4 cxd4 14. Nxd4 Qb6 15.
Nxc6 Qxc6 16. Ne3 Bb7 17. Rfd1 Rfd8 18. Qxb4 Ba8 19. Qa3 Qb5 20. b3 Qb4 21. Qb2+
e5 22. f4 Nc6 23. fxe5 Nxe5 24. Kh1 Bxe4 25. Nd5 Bxg2+ 26. Kxg2 Qe4+ 27. Kg1 Kf8
28. Qc3 Rbc8 29. Qb4 Nf3+ 30. Kf1 Nxh2+ 0-1

[Event "Women's Speed Chess Q5"]
[Site "chess.com INT"]
[Date "2020.06.22"]
[Round "8"]
[White "Daulyte-Cornette, Deimante"]
[Black "Kubicka, Anna"]
[Result "0-1"]
[WhiteTitle "IM"]
[BlackTitle "WIM"]
[WhiteElo "2400"]
[BlackElo "2256"]
[WhiteFideId "12802859"]
[BlackFideId "1152254"]
[EventDate "2020.06.22"]

1. e4 c5 2. Nc3 a6 3. g3 b5 4. Bg2 Bb7 5. Nge2 e6 6. d4 cxd4 7. Nxd4 Nf6 8. O-O
d6 9. Re1 Nbd7 10. a4 b4 11. Nd5 Be7 12. Nxe7 Qxe7 13. Qd2 O-O 14. Qxb4 Rab8 15.
Qd2 Nc5 16. e5 dxe5 17. Rxe5 Bxg2 18. Kxg2 Rfd8 19. Qa5 Rbc8 20. Nf3 Nd5 21. b4
Nb7 22. Qxa6 Nd6 23. Bb2 Nxb4 24. Qb6 Nc4 25. Qb5 Nxb2 26. Rb1 Rxc2 27. Ne1 Rcd2
28. Nf3 R2d5 29. Rxd5 Rxd5 30. Qb8+ Rd8 31. Qb5 N2d3 32. a5 Qa7 33. Rxb4 Qxf2+
34. Kh3 Qf1+ 0-1

[Event "Women's Speed Chess Q5"]
[Site "chess.com INT"]
[Date "2020.06.22"]
[Round "8"]
[White "Tomilova, Elena"]
[Black "Arabidze, Meri"]
[Result "1/2-1/2"]
[WhiteTitle "WGM"]
[BlackTitle "IM"]
[WhiteElo "2353"]
[BlackElo "2428"]
[WhiteFideId "4162340"]
[BlackFideId "13604040"]
[EventDate "2020.06.22"]

1. d4 d5 2. Nf3 Nf6 3. c4 dxc4 4. e3 Bg4 5. Bxc4 e6 6. O-O Nbd7 7. Be2 Be7 8.
Nbd2 O-O 9. b3 c5 10. Bb2 cxd4 11. Nxd4 Bxe2 12. Qxe2 Nc5 13. Rac1 Rc8 14. e4 a6
15. Rfd1 b5 16. f3 Qb6 17. Kh1 Rfd8 18. Nf1 h6 19. Ne3 Nh5 20. g3 Nf6 21. Kg2
Bf8 22. Rc2 Ncd7 23. Rdc1 Rxc2 24. Rxc2 Bc5 25. Rd2 Ne5 26. Ndc2 Rxd2 27. Qxd2
Ned7 28. e5 Bxe3 29. Nxe3 Nd5 30. Nxd5 exd5 31. Qxd5 Nf8 32. Bd4 Qa5 33. Qa8
Qxa2+ 34. Kh3 Qc2 35. b4 Qf5+ 36. Kg2 Qc2+ 37. Kh3 Qf5+ 38. Kg2 Qc2+ 39. Kh3 1/2-1/2

[Event "Women's Speed Chess Q5"]
[Site "chess.com INT"]
[Date "2020.06.22"]
[Round "8"]
[White "Papp, Petra"]
[Black "Zhuravleva, Olga"]
[Result "1-0"]
[WhiteTitle "WGM"]
[BlackTitle "WIM"]
[WhiteElo "2338"]
[BlackElo "2278"]
[WhiteFideId "739049"]
[BlackFideId "4145933"]
[EventDate "2020.06.22"]

1. e4 e5 2. Nf3 Nc6 3. Bb5 f5 4. d3 Nf6 5. exf5 Bc5 6. O-O O-O 7. c3 Bb6 8. d4
e4 9. Ne5 Qe8 10. Nxc6 bxc6 11. Ba4 d5 12. g4 h6 13. Bf4 Kh8 14. Nd2 Bd7 15. b4
a5 16. a3 axb4 17. axb4 Qf7 18. f3 Ng8 19. fxe4 dxe4 20. Nxe4 Rae8 21. Qd3 Qe7
22. Bc2 Qh4 23. Qg3 Qe7 24. Rae1 Qd8 25. Be5 Bc8 26. Nc5 Bxc5 27. bxc5 Ba6 28.
Rf2 Qd5 29. g5 Qd7 30. Qh4 Bc8 31. gxh6 Nxh6 32. Qxh6+ Kg8 33. Rg2 Rf7 34. Bb3
Qxf5 35. Qxg7# 1-0

[Event "Women's Speed Chess Q5"]
[Site "chess.com INT"]
[Date "2020.06.22"]
[Round "8"]
[White "Vifleemskaia, Svetlana"]
[Black "Ilyuchyk, Yana"]
[Result "0-1"]
[WhiteTitle "WFM"]
[BlackTitle "WFM"]
[WhiteElo "1943"]
[BlackElo "2119"]
[WhiteFideId "4129490"]
[BlackFideId "13508407"]
[EventDate "2020.06.22"]

1. d4 Nf6 2. c4 d6 3. Nc3 Nbd7 4. e4 e5 5. d5 Nc5 6. Bd3 Be7 7. Nge2 O-O 8. O-O
a5 9. f3 Nh5 10. g4 Nf6 11. Be3 Nfd7 12. Ng3 Bg5 13. Qd2 h6 14. Bc2 a4 15. Kg2
Nb6 16. b3 axb3 17. axb3 Rxa1 18. Rxa1 Na6 19. Nb5 Bd7 20. Nc3 Nb4 21. Bb1 Bxe3
22. Qxe3 Qg5 23. Qxg5 hxg5 24. Ra7 Rb8 25. Kf2 Na6 26. Nb5 Nc8 27. Rxa6 bxa6 28.
Nxc7 Rxb3 29. Nxa6 Rxb1 30. c5 dxc5 31. Nxc5 Bb5 32. Nf5 Rc1 33. Nb3 Rc2+ 34.
Kg3 g6 35. Ne3 Rc3 36. d6 Rxe3 0-1